000 00607nam a2200217Ii 4500
001 18954
003 CO-ViMGA
008 241108s9999||||xx |||||||||||||| ||und||
020 _a9588306027
040 _aCO-ViMGA
_bspa
_erda
_cCO-ViMGA
041 0 _aspa
082 0 4 _aR 759.9861 A71g
100 1 _aGerardo Aragón
_947251
245 1 0 _aGerardo Aragón
264 1 _aBogotá, Colombia : Villegas Editores, 2007
300 _avolumen
336 _atext
_btxt
_2rdacontent
337 _aunmediated
_bn
_2rdamedia
338 _avolume
_bnc
_2rdacarrier
940 _aidficha_siabuc: 18611. -- ficha_no_siabuc:18954
999 _c41835
_d41835